000 01370nmc a2200433 a 4500
003 AR-BaBNM
005 20251128205005.0
008 236019s1995 ||||||||||||||000 | spa||
020 _a950-701-305-9
040 _cAR-BaBNM
245 1 0 _aEstrategias para enseñar a aprender
_bun enfoque cognitivo para todas las áreas y niveles
250 _a1ª ed.
260 _aBuenos Aires
_bAique
_c1995
300 0 _a227 p.
_bdiagr., tablas
490 0 _aEstrategias de aula
504 _aLa bibliografía se encuentra al final de cada capítulo
650 4 _aOBJETIVOS EDUCACIONALES
650 4 _aTECNICAS DIDACTICAS
650 4 _aMETODOS DE ENSENANZA
650 4 _aPSICOLOGIA DEL NINO
650 4 _aPSICOLOGIA EVOLUTIVA
650 4 _aPARTICIPACION DEL ALUMNO
650 4 _aPROYECTOS DEL ALUMNO
650 4 _aROL DEL DOCENTE
650 4 _aENSENANZA DE LAS MATEMATICAS
650 4 _aCIENCIAS SOCIALES
650 4 _aLITERATURA
653 0 _aCONSTRUCTIVISMO
653 0 _aPROCESO DE ENSENANZA-APRENDIZAJE
653 0 _aEDUCACION PRIMARIA
700 1 _aJones, Beau Fly
_ecompilador
700 1 _aPalincsar, Annemarie Sullivan
_ecompilador
700 0 _aOgle Donna Sederburg
_ecompilador
700 1 _aCarr, Eileen Glynn
_ecompilador
700 1 _aWald, Miguel
_etraductor
700 1 _aMarín, Marta
_erevisión
942 _cBK
998 _csilvi
999 _c9606
_d9606